| 000 | 01321cam a22002535a 4500 | ||
|---|---|---|---|
| 001 | L139631 | ||
| 008 | 110516e20070725xxk f f000 0 eng d | ||
| 035 | _a(Sirsi) u139631 | ||
| 041 | 0 | _aeng | |
| 050 | 0 | 4 | _a711.1 $2 18 |
| 110 | 1 |
_aUnited Kingdom _bDepartment for Communities and Local Government _94939 |
|
| 245 | 0 | 0 |
_aPolytunnels _h[electronic resource] |
| 260 |
_aLondon _bDCLG _c2007 |
||
| 520 | _aThe letter which was sent to Chief Planning Officers on 25 July 2007 regarding the planning status of polytunnels. It follows a High Court judgement in 2006. It explains that there are two questions in regard of this. The first is whether a polytunnels represents development. The second is whether, if so, it is permitted development and exempt from planning law requirements. | ||
| 590 | _aKA | ||
| 650 | 2 | 4 | _aPLANNING POLICY STATEMENT 7 (SUSTAINABLE DEVELOPMENT IN RURAL AREAS) |
| 650 | 2 | 4 | _aR V FIRST SECRETARY OF STATE AND OTHERS |
| 650 | 2 | 4 | _aTOWN AND COUNTRY PLANNING ACT 1990 |
| 650 | 2 | 4 | _aTOWN AND COUNTRY PLANNING (GENERAL DEVELOPMENT ORDER) 1995 |
| 651 | 4 |
_aEngland and Wales _y1543- |
|
| 690 |
_aPlanning and development _96259 |
||
| 856 | 4 | 0 |
_uhttps://www.communities.gov.uk/documents/planningandbuilding/pdf/polytunnels.pdf _zView the item free of charge at www.communities.gov.uk |
| 942 | _n0 | ||
| 999 |
_c107319 _d107319 |
||